[Event "PRO League KO Stage 2019"]
[Site "chess.com INT"]
[Date "2019.03.19"]
[Round "1"]
[White "Bloomer, Josh"]
[Black "Guseinov, Gadir"]
[Result "0-1"]
[BlackTitle "GM"]
[WhiteElo "1950"]
[BlackElo "2664"]
[WhiteTeam "Saint Louis Arch Bishops"]
[BlackTeam "Montclair Sopranos"]
[WhiteFideId "2020416"]
[BlackFideId "13401378"]
[EventDate "2019.03.19"]

1. e4 c5 2. Nf3 Nc6 3. d4 cxd4 4. Nxd4 g6 5. c4 Bg7 6. Be3 Qb6 7. Nb3 Qd8 8. Qd2
Nf6 9. f3 d6 10. Be2 O-O 11. Nc3 a5 12. O-O a4 13. Nd4 Bd7 14. Rfd1 Qa5 15. Rac1
Rfc8 16. Ndb5 Be6 17. Nd5 Qxd2 18. Bxd2 Nxd5 19. cxd5 Nd4 20. Nxd4 Bxd4+ 21. Kf1
Bd7 22. b4 Bb2 23. Rxc8+ Rxc8 24. Bd3 a3 25. Ke2 Ba4 26. Rf1 Bb3 27. axb3 a2 28.
Bc4 b5 29. Bd3 Bc1 0-1

[Event "PRO League KO Stage 2019"]
[Site "chess.com INT"]
[Date "2019.03.19"]
[Round "1"]
[White "Theodorou, Nikolas"]
[Black "Checa, Nicolas"]
[Result "1/2-1/2"]
[WhiteTitle "IM"]
[BlackTitle "GM"]
[WhiteElo "2551"]
[BlackElo "2506"]
[WhiteTeam "Saint Louis Arch Bishops"]
[BlackTeam "Montclair Sopranos"]
[WhiteFideId "4262875"]
[BlackFideId "2069342"]
[EventDate "2019.03.19"]

1. Nf3 d5 2. c4 c6 3. g3 Nf6 4. Bg2 Bf5 5. O-O e6 6. b3 h6 7. Bb2 Nbd7 8. d3 Be7
9. Nbd2 O-O 10. Qc2 Bh7 11. a3 Qc7 12. cxd5 exd5 13. b4 Rfe8 14. Nb3 Bd6 15.
Rac1 a6 16. Nfd4 Rac8 17. Rfe1 Re7 18. Bh3 Rce8 19. Nf5 Bxf5 20. Bxf5 Be5 21.
Nd4 Qb6 22. e3 g6 23. Bh3 h5 24. Bc3 Nh7 25. Qb2 Qc7 26. Re2 Ng5 27. Bg2 Ne6 28.
Nb3 Bxc3 29. Qxc3 Qe5 30. Qxe5 Nxe5 31. Rd2 Kg7 32. a4 h4 33. Kf1 hxg3 34. hxg3
Rd8 35. Re1 f5 36. Rdd1 Kf6 37. a5 g5 38. f4 Ng4 39. Bf3 Rh7 40. Bxg4 fxg4 41.
Kg2 Rdh8 42. Rh1 Rh3 43. Rdf1 gxf4 44. exf4 Kf5 45. Rxh3 gxh3+ 46. Kh2 Kg4 47.
Re1 Rh6 48. Re5 Rf6 49. Nd2 Nxf4 50. gxf4 Rxf4 51. Re2 Rxb4 52. Rf2 Rb2 53. d4
Ra2 54. Ne4 Rxf2+ 55. Nxf2+ Kf3 56. Nd3 Ke3 57. Nc5 Kxd4 58. Nxb7 c5 59. Nd8 c4
60. Ne6+ Kc3 61. Nc7 d4 62. Nxa6 d3 63. Nc5 Kd4 64. Ne6+ Kd5 65. Nf4+ Kc5 66. a6
Kb6 67. Nxh3 c3 68. Nf4 d2 69. Nd5+ Kxa6 70. Nxc3 Ka5 71. Kg3 Kb4 72. Nd1 Kb3
73. Kf3 Kc2 74. Ke2 Kb3 75. Kxd2 1/2-1/2

[Event "PRO League KO Stage 2019"]
[Site "chess.com INT"]
[Date "2019.03.19"]
[Round "1"]
[White "Sturt, Raven"]
[Black "So, Wesley"]
[Result "0-1"]
[WhiteTitle "IM"]
[BlackTitle "GM"]
[WhiteElo "2429"]
[BlackElo "2762"]
[WhiteTeam "Montclair Sopranos"]
[BlackTeam "Saint Louis Arch Bishops"]
[WhiteFideId "2007304"]
[BlackFideId "5202213"]
[EventDate "2019.03.19"]

1. d4 Nf6 2. c4 e6 3. Nf3 d5 4. g3 Bb4+ 5. Bd2 Be7 6. Bg2 O-O 7. Qc2 Ne4 8. O-O
c6 9. b3 Nd7 10. Rd1 f5 11. Bc1 g5 12. Ba3 Bxa3 13. Nxa3 Qe7 14. Qb2 f4 15. Nd2
Nxd2 16. Rxd2 Nf6 17. Rf1 Bd7 18. Nb1 Be8 19. Nc3 Bg6 20. c5 e5 21. dxe5 Ng4 22.
b4 Nxe5 23. Rdd1 Rae8 24. Qb3 Bf7 25. Qa4 a6 26. Qc2 Bh5 27. Rde1 Qf6 28. Rc1 f3
29. exf3 Nxf3+ 30. Bxf3 Bxf3 31. Rfe1 d4 32. Nb1 Bd5 33. Rxe8 Qf3 34. Re4 Bxe4
35. Qb3+ Bd5 36. Qxf3 Rxf3 37. Kf1 Bxa2 38. Nd2 Rc3 39. Ra1 Bd5 40. Ke2 g4 41.
Rd1 Kf7 42. Rb1 Kf6 43. Ra1 h5 44. Rb1 Kf5 45. Rb2 Be4 46. Rb3 Bf3+ 0-1

[Event "PRO League KO Stage 2019"]
[Site "chess.com INT"]
[Date "2019.03.19"]
[Round "1"]
[White "Rohde, Michael"]
[Black "Caruana, Fabiano"]
[Result "0-1"]
[WhiteTitle "GM"]
[BlackTitle "GM"]
[WhiteElo "2358"]
[BlackElo "2828"]
[WhiteTeam "Montclair Sopranos"]
[BlackTeam "Saint Louis Arch Bishops"]
[WhiteFideId "2000172"]
[BlackFideId "2020009"]
[EventDate "2019.03.19"]

1. e4 c5 2. Nf3 d6 3. d4 cxd4 4. Nxd4 Nf6 5. Nc3 Nc6 6. Be3 Ng4 7. Bg5 Qb6 8.
Bb5 Bd7 9. O-O Qxd4 10. Bxc6 Qxd1 11. Bxd7+ Kxd7 12. Raxd1 Rc8 13. Bf4 f6 14. a4
g5 15. Bc1 Ne5 16. f3 h5 17. Rf2 h4 18. Nd5 Rh6 19. h3 e6 20. Ne3 Be7 21. b3 Bd8
22. Rfd2 Rc6 23. Kf1 Bb6 24. Ke2 Ba5 25. Bb2 Bxd2 26. Rxd2 Rh8 27. c4 Ke7 28.
Ba3 Rd8 29. Nc2 Rb6 30. Nd4 Ra6 31. Nb5 Rd7 32. c5 dxc5 33. Bxc5+ Kd8 34. Bxa7
Ng6 35. Bd4 Nf4+ 36. Kf2 e5 37. Bc3 Rxd2+ 38. Bxd2 Rc6 39. Ba5+ Kd7 40. Bc3 Ke6
41. b4 f5 42. exf5+ Kxf5 43. a5 Nd5 44. Bd2 Rc2 45. Ke1 Ke6 46. Bxg5 Rxg2 47.
Bxh4 Nxb4 48. Bd8 Nd3+ 49. Kd1 Rf2 50. h4 Rxf3 51. Ke2 Rh3 52. Bg5 Nb4 53. Nc7+
Kd7 54. Nb5 Nc6 55. Kf2 Rb3 0-1

[Event "PRO League KO Stage 2019"]
[Site "chess.com INT"]
[Date "2019.03.19"]
[Round "1"]
[White "Guseinov, Gadir"]
[Black "Theodorou, Nikolas"]
[Result "1-0"]
[WhiteTitle "GM"]
[BlackTitle "IM"]
[WhiteElo "2664"]
[BlackElo "2551"]
[WhiteTeam "Montclair Sopranos"]
[BlackTeam "Saint Louis Arch Bishops"]
[WhiteFideId "13401378"]
[BlackFideId "4262875"]
[EventDate "2019.03.19"]

1. e4 e5 2. Nf3 Nc6 3. Bb5 Nf6 4. O-O Nxe4 5. d4 Nd6 6. dxe5 Nxb5 7. a4 Nbd4 8.
Nxd4 Nxd4 9. Qxd4 d5 10. Qd3 Qd7 11. a5 c6 12. Be3 Qf5 13. Qc3 Qg6 14. f4 Bf5
15. Nd2 c5 16. Bf2 Be7 17. Qf3 O-O 18. c3 Rfd8 19. h3 h5 20. Rfe1 b5 21. a6 Rab8
22. Kh2 b4 23. c4 dxc4 24. Nxc4 Rd3 25. Re3 Rbd8 26. e6 Qxe6 27. Rxe6 Rxf3 28.
Rxe7 Rxf2 29. Kg3 Rc2 30. Ne3 Rd3 31. Kh2 Kf8 32. Nxf5 Rdd2 33. Rg1 g6 34. Rxa7
gxf5 35. Ra8+ Kg7 36. a7 Rd7 37. Rg8+ Kxg8 38. a8=Q+ Kg7 39. Re1 Rxb2 40. Qa1
Rd2 41. Kg3 c4 42. Qa5 Rxg2+ 43. Kh4 Rg6 44. Qe5+ 1-0

[Event "PRO League KO Stage 2019"]
[Site "chess.com INT"]
[Date "2019.03.19"]
[Round "1"]
[White "Checa, Nicolas"]
[Black "Bloomer, Josh"]
[Result "1/2-1/2"]
[WhiteTitle "GM"]
[WhiteElo "2506"]
[BlackElo "1950"]
[WhiteTeam "Montclair Sopranos"]
[BlackTeam "Saint Louis Arch Bishops"]
[WhiteFideId "2069342"]
[BlackFideId "2020416"]
[EventDate "2019.03.19"]

1. d4 Nf6 2. c4 e6 3. Nf3 d5 4. Bg5 Bb4+ 5. Nc3 h6 6. Bxf6 Qxf6 7. e3 O-O 8. Rc1
Nc6 9. a3 Bxc3+ 10. Rxc3 dxc4 11. Bxc4 e5 12. dxe5 Nxe5 13. Nxe5 Qxe5 14. O-O c6
15. Qb3 Qe7 16. Rd1 Bf5 17. f3 Rfd8 18. e4 Rxd1+ 19. Qxd1 Rd8 20. Rd3 Rxd3 21.
Qxd3 Qc5+ 22. Kf1 Be6 23. b3 Qxa3 24. Bxe6 Qc1+ 25. Kf2 Qc5+ 26. Kg3 Qe5+ 27. f4
Qxe6 28. e5 Qg6+ 29. Qxg6 fxg6 30. Kf3 a5 31. g4 b5 32. Ke4 Kf7 33. h4 Ke7 34.
Kd4 Ke6 35. g5 1/2-1/2

[Event "PRO League KO Stage 2019"]
[Site "chess.com INT"]
[Date "2019.03.19"]
[Round "1"]
[White "Caruana, Fabiano"]
[Black "Sturt, Raven"]
[Result "1-0"]
[WhiteTitle "GM"]
[BlackTitle "IM"]
[WhiteElo "2828"]
[BlackElo "2429"]
[WhiteTeam "Saint Louis Arch Bishops"]
[BlackTeam "Montclair Sopranos"]
[WhiteFideId "2020009"]
[BlackFideId "2007304"]
[EventDate "2019.03.19"]

1. e4 e5 2. Nf3 Nc6 3. Bb5 a6 4. Ba4 Nf6 5. d3 d6 6. c3 g6 7. O-O b5 8. Bc2 Bg7
9. h3 O-O 10. Re1 Nb8 11. d4 Nbd7 12. Be3 Bb7 13. Nbd2 Qe7 14. a4 Rfe8 15. Bd3
c6 16. b4 Qf8 17. Qc2 Bh6 18. Nb3 Bxe3 19. Rxe3 Rac8 20. axb5 cxb5 21. d5 Nb6
22. Ree1 Nfxd5 23. exd5 Nxd5 24. Be4 Nxb4 25. Qd2 d5 26. Bxg6 hxg6 27. cxb4 Qd6
28. Nc5 Rc7 29. Qg5 e4 30. Nd4 Bc8 31. Red1 Rce7 32. Nc2 Re5 33. Qg3 Qf6 34. h4
Rh5 35. Rd4 Rxh4 36. Re1 Qh8 37. f4 Rh1+ 38. Kf2 Rxe1 39. Kxe1 Qh1+ 40. Ke2 e3
41. Nxe3 Qa1 42. Rxd5 Qb2+ 43. Rd2 Qxb4 44. Nd3 Qc4 45. Qf3 Bf5 46. g4 Bxd3+ 47.
Rxd3 b4 48. f5 g5 49. f6 a5 50. Qf5 Qf4 51. Kd2 Qh2+ 52. Kc1 Qh4 53. Ng2 Qh1+
54. Rd1 Qxg2 55. Qxg5+ Kh7 56. Qg7# 1-0

[Event "PRO League KO Stage 2019"]
[Site "chess.com INT"]
[Date "2019.03.19"]
[Round "1"]
[White "So, Wesley"]
[Black "Rohde, Michael"]
[Result "1-0"]
[WhiteTitle "GM"]
[BlackTitle "GM"]
[WhiteElo "2762"]
[BlackElo "2358"]
[WhiteTeam "Saint Louis Arch Bishops"]
[BlackTeam "Montclair Sopranos"]
[WhiteFideId "5202213"]
[BlackFideId "2000172"]
[EventDate "2019.03.19"]

1. Nf3 d5 2. d4 Nf6 3. c4 c6 4. Nc3 dxc4 5. a4 Bf5 6. Ne5 e6 7. f3 h6 8. e4 Bh7
9. Be3 Nbd7 10. Nxc4 a5 11. Be2 Bb4 12. O-O O-O 13. Qb3 Qc7 14. Rfd1 Rfc8 15. g3
Ne8 16. Rac1 Qd8 17. Na2 Be7 18. Kg2 b6 19. Rd2 Kh8 20. Ne5 Nxe5 21. dxe5 Qc7
22. Qxb6 Qxe5 23. Bf4 Qh5 24. Rxc6 Nf6 25. Rxc8+ Rxc8 26. Qb7 Qc5 27. Be3 Qc7
28. Qxc7 Rxc7 29. Bb6 Rb7 30. Bxa5 Nd7 31. b4 Ne5 32. b5 f5 33. Bc3 Nd7 34. exf5
Bxf5 35. a5 1-0

[Event "PRO League KO Stage 2019"]
[Site "chess.com INT"]
[Date "2019.03.19"]
[Round "1"]
[White "So, Wesley"]
[Black "Guseinov, Gadir"]
[Result "1/2-1/2"]
[WhiteTitle "GM"]
[BlackTitle "GM"]
[WhiteElo "2762"]
[BlackElo "2664"]
[WhiteTeam "Saint Louis Arch Bishops"]
[BlackTeam "Montclair Sopranos"]
[WhiteFideId "5202213"]
[BlackFideId "13401378"]
[EventDate "2019.03.19"]

1. e4 c5 2. Nf3 g6 3. d4 cxd4 4. Nxd4 Nc6 5. c4 Nf6 6. Nc3 Nxd4 7. Qxd4 d6 8.
Be3 Bg7 9. f3 O-O 10. Qd2 Be6 11. Rc1 Qa5 12. b3 Rfc8 13. Bd3 a6 14. Na4 Qxd2+
15. Kxd2 Nd7 16. Nc3 b5 17. Nd5 Bxd5 18. cxd5 b4 19. Rxc8+ Rxc8 20. Rc1 Rxc1 21.
Kxc1 Nc5 22. Kc2 Kf8 23. f4 a5 24. e5 Ke8 25. Bb5+ Kd8 26. g3 f6 27. exd6 exd6
28. Bd4 Ke7 29. Bd3 Kf7 30. f5 g5 31. Bc4 Bf8 32. a3 bxa3 33. Bc3 Nb7 34. Ba6
Nc5 35. Bc4 Nb7 36. Bb5 Be7 37. Bc6 Nc5 38. Bxa5 a2 39. Bc3 Bd8 40. b4 Ne4 41.
Bb2 g4 42. Kd3 Ng5 43. Ba4 Nf3 44. Bb3 Nxh2 45. Ke2 Bb6 46. Bxa2 h5 47. Bc1 Nf3
48. Bf4 Ke7 49. Bb1 Ne5 50. Bc2 Nc4 51. Bb3 Ne5 52. Bc2 Nc4 53. Ba4 Ne5 54. Bc6
Nc4 55. Bb5 Ne5 56. Kf1 Nf3 57. Bc4 Ne5 58. Bb5 Nf3 59. Bc4 Ne5 60. Bb5 1/2-1/2

[Event "PRO League KO Stage 2019"]
[Site "chess.com INT"]
[Date "2019.03.19"]
[Round "1"]
[White "Caruana, Fabiano"]
[Black "Checa, Nicolas"]
[Result "1-0"]
[WhiteTitle "GM"]
[BlackTitle "GM"]
[WhiteElo "2828"]
[BlackElo "2506"]
[WhiteTeam "Saint Louis Arch Bishops"]
[BlackTeam "Montclair Sopranos"]
[WhiteFideId "2020009"]
[BlackFideId "2069342"]
[EventDate "2019.03.19"]

1. e4 e6 2. d4 d5 3. Nc3 Bb4 4. exd5 exd5 5. Bd3 Nf6 6. Ne2 O-O 7. O-O c6 8. Bg5
Nbd7 9. Qd2 Re8 10. Ng3 Nf8 11. Rae1 Be7 12. Re2 Bg4 13. f3 Be6 14. Kh1 N6d7 15.
Bxe7 Rxe7 16. Rfe1 Nf6 17. Nd1 Re8 18. a4 Qc7 19. a5 Bd7 20. Re5 Ng6 21. Bxg6
hxg6 22. Nf2 c5 23. Rxe8+ Rxe8 24. Rxe8+ Bxe8 25. dxc5 Qxc5 26. Nd3 Qc7 27. b4
Bb5 28. Nf2 Qe5 29. c3 Bc4 30. Nd1 b6 31. axb6 axb6 32. Ne3 b5 33. Kg1 Kf8 34.
Nc2 Qe8 35. Nd4 Qa8 36. h3 Qb8 37. Kf2 Qa7 38. Nf1 Nd7 39. Qe3 Qa2+ 40. Nd2 Nf6
41. Kg3 Kg8 42. Kh2 Qa8 43. Qe5 Bd3 44. Qe3 Bc4 45. Nxc4 bxc4 46. Qe5 Qa3 47.
Nc6 Qb2 48. Qd4 g5 49. Qe5 Kh7 50. Qf5+ Kh8 51. Ne5 Qxc3 52. b5 Qb4 53. Nxf7+
Kg8 54. Qe6 Kh7 55. b6 c3 56. Qf5+ Kg8 57. Nxg5 Qf8 58. Qe6+ Kh8 59. Qc6 Qb8+
60. Qc7 Nd7 61. Nf7+ Kg8 62. Ne5 Qxc7 63. bxc7 Nb6 64. Kg3 c2 65. Nd3 Kf8 66.
Kf4 Ke7 67. Ke3 Kd7 68. Kd2 Kxc7 69. Kxc2 Kd6 70. Kd2 Nc4+ 71. Ke2 Ke6 72. f4
Kf5 73. Kf3 Nd2+ 74. Ke3 Nb3 75. g4+ Ke6 76. f5+ Kf6 77. Kf4 g5+ 78. fxg6 Kxg6
79. h4 Nd4 80. Ne5+ Kh6 81. Nf3 Nc6 82. h5 Ne7 83. Nd4 Ng8 84. Nf5+ Kh7 85. g5
d4 86. Ke4 d3 87. Kxd3 Kh8 88. Ke4 Kh7 89. Kf4 Kh8 90. Ke4 Kh7 91. Ke5 Kh8 92.
g6 1-0

[Event "PRO League KO Stage 2019"]
[Site "chess.com INT"]
[Date "2019.03.19"]
[Round "1"]
[White "Sturt, Raven"]
[Black "Bloomer, Josh"]
[Result "1-0"]
[WhiteTitle "IM"]
[WhiteElo "2429"]
[BlackElo "1950"]
[WhiteTeam "Montclair Sopranos"]
[BlackTeam "Saint Louis Arch Bishops"]
[WhiteFideId "2007304"]
[BlackFideId "2020416"]
[EventDate "2019.03.19"]

1. d4 Nf6 2. Nf3 d5 3. Bf4 e6 4. e3 Bd6 5. Bg3 O-O 6. Nbd2 b6 7. c3 c5 8. Ne5
Bb7 9. Bd3 Qc7 10. O-O Nbd7 11. f4 Ne4 12. Bxe4 dxe4 13. Ndc4 Ba6 14. Qa4 Nb8
15. Nxd6 Bxf1 16. Ndxf7 Ba6 17. Ng5 Qe7 18. dxc5 bxc5 19. Qxe4 1-0

[Event "PRO League KO Stage 2019"]
[Site "chess.com INT"]
[Date "2019.03.19"]
[Round "1"]
[White "Rohde, Michael"]
[Black "Theodorou, Nikolas"]
[Result "0-1"]
[WhiteTitle "GM"]
[BlackTitle "IM"]
[WhiteElo "2358"]
[BlackElo "2551"]
[WhiteTeam "Montclair Sopranos"]
[BlackTeam "Saint Louis Arch Bishops"]
[WhiteFideId "2000172"]
[BlackFideId "4262875"]
[EventDate "2019.03.19"]

1. d4 Nf6 2. Nf3 d6 3. Nc3 Bf5 4. Nh4 Bd7 5. e4 e5 6. Nf3 Nc6 7. Be2 h6 8. h3 g5
9. d5 Ne7 10. Be3 Ng6 11. g3 g4 12. Ng1 h5 13. Qd2 h4 14. hxg4 Nxg4 15. Bxg4
Bxg4 16. f3 Bd7 17. g4 b5 18. Nh3 Bg7 19. O-O-O b4 20. Ne2 Qb8 21. Kb1 a5 22. c4
a4 23. c5 Bb5 24. Rc1 Qb7 25. Rh2 Qa6 26. Rd1 Bc4 27. Nc1 Rb8 28. c6 Ra8 29.
Qxb4 O-O 30. Qb7 Qa5 31. Bd2 Qc5 32. Qb4 Qd4 33. Qc3 Rfb8 34. Qc2 Qb6 35. Bc3
Qa6 36. Qd2 Rb6 37. g5 Rab8 38. Ka1 Bb3 39. Rg1 Bc4 40. Nf2 Kf8 41. Ng4 Ke7 42.
Nf6 Ra8 43. Nd7 Rb5 44. Qc2 Bb3 45. Qe2 a3 46. Nxb3 Qa4 47. Nc1 Nf4 48. Qc2
axb2+ 49. Bxb2 Qb4 50. Qc3 Qa4 51. Rxh4 Ne2 0-1

[Event "PRO League KO Stage 2019"]
[Site "chess.com INT"]
[Date "2019.03.19"]
[Round "1"]
[White "Jacobson, Aaron"]
[Black "Robson, Ray"]
[Result "0-1"]
[WhiteTitle "FM"]
[BlackTitle "GM"]
[WhiteElo "2318"]
[BlackElo "2667"]
[WhiteTeam "New York Marshalls"]
[BlackTeam "Webster Windmills"]
[WhiteFideId "2089912"]
[BlackFideId "2023970"]
[EventDate "2019.03.19"]

1. e4 e5 2. Nf3 Nc6 3. Nc3 Nf6 4. d4 exd4 5. Nxd4 Bb4 6. Nxc6 bxc6 7. Bd3 d5 8.
exd5 O-O 9. O-O cxd5 10. h3 a5 11. Qf3 c6 12. Bf4 a4 13. Ne2 a3 14. b3 Re8 15.
c3 Bd6 16. Rfe1 Bxf4 17. Nxf4 Bd7 18. Re3 Rxe3 19. Qxe3 Qc7 20. Ne2 c5 21. Qf4
Qb6 22. b4 Re8 23. bxc5 Qxc5 24. Qd4 Qxd4 25. Nxd4 Rc8 26. Ne2 Ne4 27. Rc1 Nc5
28. Bc2 Rb8 29. Nd4 Rb2 30. Bb1 Ne4 31. f3 Nd2 32. Bf5 Bxf5 33. Nxf5 Rxa2 34.
Ne7+ Kf8 35. Nxd5 Nb3 36. Rd1 Rb2 37. Nb4 a2 38. Nxa2 Rxa2 39. Rd8+ Ke7 40. Rb8
Nc5 41. Rc8 Ne6 42. Kh2 Nf4 43. Kg3 g5 44. Kg4 Rxg2+ 45. Kf5 Ne6 46. c4 Rg3 47.
c5 Rxf3+ 48. Ke4 Rc3 49. c6 Kd6 50. Rh8 Rxc6 51. Rxh7 Ke7 52. Kf5 Rc5+ 53. Kg4
Rc4+ 54. Kg3 Kf6 55. Rh6+ Kf5 56. Rh7 Rc3+ 57. Kh2 f6 58. Re7 Nf4 59. Re1 Rxh3+
60. Kg1 Ra3 61. Rb1 Ra2 62. Rb4 Kg4 63. Rb3 f5 64. Kh1 Kh4 65. Rb8 g4 66. Rb1
Kh3 67. Rb3+ g3 68. Rb1 Rh2+ 0-1

[Event "PRO League KO Stage 2019"]
[Site "chess.com INT"]
[Date "2019.03.19"]
[Round "1"]
[White "Khamrakulov, Djurabek"]
[Black "Shimanov, Aleksandr"]
[Result "1/2-1/2"]
[WhiteTitle "GM"]
[BlackTitle "GM"]
[WhiteElo "2494"]
[BlackElo "2613"]
[WhiteTeam "New York Marshalls"]
[BlackTeam "Webster Windmills"]
[WhiteFideId "14201143"]
[BlackFideId "4198603"]
[EventDate "2019.03.19"]

1. e4 c6 2. Nf3 d5 3. Nc3 Bg4 4. h3 Bxf3 5. Qxf3 Nf6 6. d4 dxe4 7. Qe3 e6 8.
Nxe4 Be7 9. c3 Qd5 10. Bd3 O-O 11. O-O Nbd7 12. Rd1 Rfe8 13. c4 Qa5 14. Bd2 Qc7
15. Bc3 Bf8 16. Qf3 Nxe4 17. Bxe4 Rad8 18. d5 Nc5 19. dxe6 Nxe6 20. Bf5 Bd6 21.
Qg4 g6 22. Bxe6 Rxe6 23. g3 Be5 24. Rxd8+ Qxd8 25. Bxe5 Rxe5 26. Rd1 Qe8 27. Kf1
h5 28. Qf4 Qe6 29. Kg2 Kg7 30. Rd7 Qxd7 31. Qxe5+ Kh7 1/2-1/2

[Event "PRO League KO Stage 2019"]
[Site "chess.com INT"]
[Date "2019.03.19"]
[Round "1"]
[White "Nyzhnyk, Illya"]
[Black "Azarov, Sergei"]
[Result "0-1"]
[WhiteTitle "GM"]
[BlackTitle "GM"]
[WhiteElo "2638"]
[BlackElo "2585"]
[WhiteTeam "Webster Windmills"]
[BlackTeam "New York Marshalls"]
[WhiteFideId "14118084"]
[BlackFideId "13501470"]
[EventDate "2019.03.19"]

1. d4 Nf6 2. c4 e6 3. g3 d5 4. Bg2 Bb4+ 5. Bd2 Be7 6. Nc3 O-O 7. Nf3 c6 8. Bf4
dxc4 9. Ne5 Nd5 10. Nxc4 Nxf4 11. gxf4 Nd7 12. e3 Nb6 13. Ne5 Bd7 14. O-O Be8
15. Qb3 Kh8 16. Nd3 Rg8 17. Kh1 g5 18. fxg5 Rxg5 19. f4 Rg8 20. Nc5 Rb8 21. f5
Nd5 22. fxe6 fxe6 23. Nxe6 Qd6 24. Nxd5 cxd5 25. Bxd5 Ba4 26. Qc4 Rbc8 27. Nc5
b5 28. Qd3 Qxd5+ 29. e4 Qd6 30. b4 Bf6 31. e5 Bxe5 32. dxe5 Qxd3 33. Nxd3 Bc2
34. Nf2 Bf5 35. Rac1 Be6 36. Rcd1 Rc2 37. h3 Bc4 38. Ng4 Bxf1 39. Rxf1 Rgc8 40.
Nf6 Rc1 41. Kg1 Kg7 42. Ne8+ Kg6 43. Nd6 Rxf1+ 44. Kxf1 Rc1+ 45. Ke2 a6 46. Ke3
Rc3+ 47. Kd4 Rxh3 48. Kd5 Re3 49. Ne4 h5 50. e6 Rxe4 51. Kxe4 Kf6 52. Kd5 Ke7
53. Ke5 h4 0-1

[Event "PRO League KO Stage 2019"]
[Site "chess.com INT"]
[Date "2019.03.19"]
[Round "1"]
[White "Grabinsky, Joshua"]
[Black "Moranda, Wojciech"]
[Result "0-1"]
[WhiteTitle "CM"]
[BlackTitle "GM"]
[WhiteElo "2078"]
[BlackElo "2595"]
[WhiteTeam "Webster Windmills"]
[BlackTeam "New York Marshalls"]
[WhiteFideId "30919754"]
[BlackFideId "1122401"]
[EventDate "2019.03.19"]

1. d4 Nf6 2. Bf4 g6 3. e3 Bg7 4. Nf3 O-O 5. h3 c5 6. c3 Qb6 7. Qb3 d6 8. Nbd2
cxd4 9. Qxb6 axb6 10. exd4 Na6 11. Bd3 Nc7 12. O-O b5 13. Rfe1 Re8 14. a3 Nfd5
15. Bg3 Bd7 16. Nf1 Bc6 17. Ne3 Nb6 18. Nd2 f5 19. f4 e5 20. dxe5 dxe5 21. Ndf1
Ne6 22. Nc2 Nxf4 23. Bxf4 exf4 24. Nb4 Na4 25. Rxe8+ Bxe8 26. Rb1 Rd8 27. Be2
Bf8 28. Nd3 g5 29. Nd2 Nc5 30. Nf3 Rxd3 31. Bxd3 Nxd3 32. Nxg5 Bc5+ 33. Kf1 Bh5
34. Ne6 Be3 35. Nd4 Bxd4 36. cxd4 f3 37. gxf3 Bxf3 38. Kg1 Kf7 39. b4 Ke6 40.
Kh2 Kd5 41. Rg1 Kxd4 42. Rg7 h5 43. Kg3 Ke3 44. Rd7 f4+ 45. Kh4 Be2 46. Re7+ Kd2
47. Rxb7 f3 48. Rf7 f2 49. Kg3 f1=Q 50. Rxf1 Bxf1 51. Kh4 Be2 52. Kg5 Kc3 0-1

[Event "PRO League KO Stage 2019"]
[Site "chess.com INT"]
[Date "2019.03.19"]
[Round "1"]
[White "Guseinov, Gadir"]
[Black "Caruana, Fabiano"]
[Result "1-0"]
[WhiteTitle "GM"]
[BlackTitle "GM"]
[WhiteElo "2664"]
[BlackElo "2828"]
[WhiteTeam "Montclair Sopranos"]
[BlackTeam "Saint Louis Arch Bishops"]
[WhiteFideId "13401378"]
[BlackFideId "2020009"]
[EventDate "2019.03.19"]

1. e4 c5 2. Nc3 e6 3. Nf3 a6 4. d4 cxd4 5. Nxd4 Qc7 6. g3 Bb4 7. Bd2 Nf6 8. Bg2
O-O 9. O-O Bc5 10. Nb3 Be7 11. f4 d6 12. g4 b5 13. g5 Nfd7 14. a3 Bb7 15. Be3
Nc6 16. Qh5 Rfe8 17. f5 Nce5 18. fxe6 fxe6 19. Nd4 Bf8 20. Rf4 Nc5 21. Raf1 Qd7
22. b4 Na4 23. Nxa4 bxa4 24. Bh3 Ng6 25. Rf7 Qc8 26. Nxe6 Rxe6 27. Rxb7 Kh8 28.
Bxe6 Qxe6 29. Qf3 Re8 30. Bd4 Be7 31. Bxg7+ Kxg7 32. Qf6+ Qxf6 33. gxf6+ Kh6 34.
fxe7 Nxe7 35. Rf7 Ng6 36. Rxh7+ Kg5 37. Rbg7 Rxe4 38. h4+ Kf6 39. h5 Ne5 40. h6
Re3 41. Rh8 Rxa3 42. Rf8+ Ke6 43. h7 1-0

[Event "PRO League KO Stage 2019"]
[Site "chess.com INT"]
[Date "2019.03.19"]
[Round "1"]
[White "Checa, Nicolas"]
[Black "So, Wesley"]
[Result "1/2-1/2"]
[WhiteTitle "GM"]
[BlackTitle "GM"]
[WhiteElo "2506"]
[BlackElo "2762"]
[WhiteTeam "Montclair Sopranos"]
[BlackTeam "Saint Louis Arch Bishops"]
[WhiteFideId "2069342"]
[BlackFideId "5202213"]
[EventDate "2019.03.19"]

1. d4 d5 2. c4 dxc4 3. Nf3 Nf6 4. e3 e6 5. Bxc4 c5 6. O-O a6 7. a4 Nc6 8. Nc3
Be7 9. Qe2 cxd4 10. Rd1 e5 11. exd4 exd4 12. Nxd4 Nxd4 13. Qe5 Qd6 14. Qxd6 Bxd6
15. Rxd4 Bc5 16. Rd1 Be6 17. Bxe6 fxe6 18. Bg5 O-O 19. Bxf6 gxf6 20. Rd7 Rad8
21. Rxb7 f5 22. Rc7 Rc8 23. Rxc8 Rxc8 24. Kf1 Bd4 25. Rc1 Rc4 26. Ke2 Bxc3 27.
bxc3 Rxa4 28. c4 Kf7 29. c5 Rd4 30. Ke3 Rd8 31. c6 Ke7 32. c7 Rc8 33. Kf4 Kf6
34. Rc6 a5 35. h3 a4 36. g4 fxg4 37. hxg4 h6 38. Kg3 a3 39. Kh4 a2 40. Ra6 Rxc7
41. Rxa2 Rc1 42. Ra6 Rh1+ 43. Kg3 h5 44. Kg2 Rh4 45. f3 hxg4 46. Kg3 Rh3+ 47.
Kxg4 Rh1 1/2-1/2

[Event "PRO League KO Stage 2019"]
[Site "chess.com INT"]
[Date "2019.03.19"]
[Round "1"]
[White "Theodorou, Nikolas"]
[Black "Sturt, Raven"]
[Result "0-1"]
[WhiteTitle "IM"]
[BlackTitle "IM"]
[WhiteElo "2551"]
[BlackElo "2429"]
[WhiteTeam "Saint Louis Arch Bishops"]
[BlackTeam "Montclair Sopranos"]
[WhiteFideId "4262875"]
[BlackFideId "2007304"]
[EventDate "2019.03.19"]

1. Nf3 Nf6 2. c4 c5 3. d4 cxd4 4. Nxd4 Nc6 5. Nc3 Qb6 6. Nb3 e6 7. e4 Bb4 8. Bd3
O-O 9. O-O Bxc3 10. bxc3 d6 11. Ba3 Qc7 12. e5 dxe5 13. Bxf8 Kxf8 14. Qc1 Bd7
15. Qa3+ Kg8 16. Rfe1 Rd8 17. Rad1 Be8 18. h3 e4 19. Bf1 Rxd1 20. Rxd1 e3 21. f3
Qg3 22. Qb2 Nh5 23. Rd3 Nf4 24. Rxe3 Nxh3+ 25. Kh1 Nf2+ 26. Kg1 Ng4 27. fxg4
Qxe3+ 28. Qf2 Qxc3 29. Nc5 b6 30. Ne4 Qd4 31. Qxd4 Nxd4 32. Nd6 Bd7 33. Bd3 Kf8
34. g5 Ke7 35. Ne4 f5 36. gxf6+ gxf6 37. g4 e5 38. Nf2 f5 39. gxf5 Bxf5 40. Bf1
e4 41. Nd1 Kd6 42. Kf2 Ke5 43. Nc3 Bd7 44. Nd5 Bc6 45. Ne3 Nf3 46. Bh3 Kd4 47.
Be6 Ne5 48. Nc2+ Kc3 49. Ne3 Kd2 50. Bd5 Bxd5 51. cxd5 Nd3+ 0-1